Movies Quiz

Random Movies or Clickable Quiz
Score 0/20 Timer 03:00
0 Plays Today
% Correct
Mrs. Deeds
98.5%
Die Alone
97.5%
Ocean's Impact
97.4%
Doctor Dynamite
97.4%
Sleepy Begins
97%
Sixteen Chicks
95.4%
Just Grit
94.8%
Starship Treasure
94.7%
Rush Nights
94.5%
Happy Places
94.2%
% Correct
Indecent Saddles
93.5%
Shark Shorty
93.4%
Raising Frankenstein
92.5%
Vanilla Break
92.5%
Steel Agreement
92.1%
Mad Siege
91.6%
Almost Strong
91.5%
Michael Air
91%
Slap Me
88.1%
Dead Horse
87.9%
Remove Ads.
Support Sporcle.
Get the best of Sporcle when you Go Orange. This ad-free experience offers more features, more stats, and more fun while also helping to support Sporcle. Thank you for becoming a member.

You're not logged in!

Compare scores with friends on all Sporcle quizzes.
OR
Log In

Show Comments

Extras

Top Quizzes Today


Score Distribution

Your Account Isn't Verified!

In order to create a playlist on Sporcle, you need to verify the email address you used during registration. Go to your Sporcle Settings to finish the process.

Report this User

Report this user for behavior that violates our Community Guidelines.

Details: